书目信息 |
| 题名: |
现代混凝土理论与设计
|
|
| 作者: | 张国栋 , 彭刚 编 | |
| 分册: | ||
| 出版信息: | 武汉 武汉理工大学出版社 2002.05 |
|
| 页数: | 223页 | |
| 开本: | 21cm | |
| 丛书名: | 土木工程丛书 | |
| 单 册: | ||
| 中图分类: | TU37 | |
| 科图分类: | ||
| 主题词: | 土木工程--混凝土--理论--设计 | |
| 电子资源: | ||
| ISBN: | 7-5629-1800-7 | |
| 000 | 00753nam2 2200253 45 | |
| 001 | 012004000000 | |
| 005 | 20050107085000.13 | |
| 010 | @a7-5629-1800-7@dCNY 14.80 | |
| 100 | @a20041220d2002 em y0chiy0121 ea | |
| 101 | 0 | @achi |
| 102 | @aCN@b420000 | |
| 105 | @aak z 000yy | |
| 200 | 1 | @a现代混凝土理论与设计@Axian dai hun ning tu li lun yu she ji@f张国栋, 彭刚编 |
| 210 | @a武汉@c武汉理工大学出版社@d2002.05 | |
| 215 | @a223页@c图, 表格@d21cm | |
| 225 | 2 | @a土木工程丛书 |
| 320 | @a书末附附录和参考文献 | |
| 410 | 0 | @12001 @a土木工程丛书 |
| 606 | 0 | @a土木工程@x混凝土@x理论@x设计 |
| 690 | @aTU37@v4 | |
| 701 | 0 | @a张国栋@Azhang guo dong@4编 |
| 701 | 0 | @a彭刚@Apeng gang@4编 |
| 801 | 0 | @aCN@bQSSKxf@c20050107 |
| 905 | @a10447@dTU37@eZ100 | |
| 现代混凝土理论与设计/张国栋, 彭刚编.-武汉:武汉理工大学出版社,2002.05 |
| 223页:图, 表格;21cm.-(土木工程丛书) |
| ISBN 7-5629-1800-7:CNY 14.80 |
| ● |
| 相关链接 |
|
|
|
正题名:现代混凝土理论与设计
索取号:TU37/Z100
 
预约/预借
| 序号 | 登录号 | 条形码 | 馆藏地/架位号 | 状态 | 备注 |
| 1 | 434739 | 204347395 | 建筑库101/101建筑库 85排4列4层/ [索取号:TU37/Z100] | 在馆 | |
| 2 | 434740 | 204347402 | 建筑库101/101建筑库 85排4列4层/ [索取号:TU37/Z100] | 在馆 | |
| 3 | 434741 | 204347411 | 建筑库101/101建筑库 85排4列4层/ [索取号:TU37/Z100] | 在馆 |